书目信息 |
| 题名: |
契诃夫文集
|
|
| 作者: | 契诃夫 著 ;汝龙 译 | |
| 分册: | 第二卷 | |
| 出版信息: | 上海 上海译文出版社 1982.4 |
|
| 页数: | 646 | |
| 开本: | 21cm | |
| 丛书名: | ||
| 单 册: | ||
| 中图分类: | I512.11 | |
| 科图分类: | ||
| 主题词: | ||
| 电子资源: | ||
| ISBN: | ||
| 000 | 00531nam0 2200181 45 | |
| 001 | 0181021733 | |
| 005 | 20060801154246.25 | |
| 010 | @dCNY2.10 | |
| 100 | @a20810111d km y0chiy0120 ea | |
| 101 | 0 | @achi |
| 200 | 1 | @Aqi he fu wen ji@F(e)qi he fu zhu@a契诃夫文集@h第二卷@f(俄)契诃夫著@g汝龙译@Gru long yi |
| 210 | @a上海@c上海译文出版社@d1982.4 | |
| 215 | @a646@c照片@d21cm | |
| 690 | @aI512.11 | |
| 701 | 0 | @a契诃夫@Aqi he fu@4著 |
| 702 | 0 | @a汝龙@Aru long@4译 |
| 801 | @aCN@bTSTC@c20060801 | |
| 905 | @dI512.11@e146:2@f5@b169039-43 | |
| 契诃夫文集.第二卷/(俄)契诃夫著/汝龙译.-上海:上海译文出版社,1982.4 |
| 646:照片;21cm |
| ISBN :CNY2.10 |
| ● |
| 相关链接 |
|
|
|
|
正题名:契诃夫文集
索取号:I512.11/146:2
 
预约/预借
| 序号 | 登录号 | 条形码 | 馆藏地/架位号 | 状态 | 备注 |
| 1 | 0169039 | 000662205 | 第二借阅区/ [索取号:I512.11/146:2] | 在馆 | |
| 2 | 0169040 | 000662214 | 第二借阅区/ [索取号:I512.11/146:2] | 在馆 | |
| 3 | 0169041 | 000662198 | 第二借阅区/ [索取号:I512.11/146:2] | 在馆 | |
| 4 | 0169042 | 000662278 | 第二借阅区/ [索取号:I512.11/146:2] | 在馆 | |
| 5 | 0169043 | 000662287 | 第一样本阅览室/ [索取号:I512.11/146:2] | 在馆 | |
| 6 | 0443329 | 204433292 | 密集书库/ [索取号:I512.11/146:2] | 在馆 | |
| 7 | 0443330 | 204433309 | 密集书库/ [索取号:I512.11/146:2] | 在馆 |